Jリーグのチーム名 - Statistics

General Stats
  • This quiz has been taken 35 times
  • The average score is 52 of 60
Answer Stats
Hint Answer % Correct
__アントラーズ 鹿島
100%
__レッズ 浦和
100%
FC__ゼルビア 町田
100%
ガンバ__ 大阪
100%
セレッソ__ 大阪
100%
ヴィッセル__ 神戸
100%
ベガルタ__ 仙台
100%
FC__ 大阪
100%
__ホーリーホック 水戸
97%
ジェフユナイテッド__ 千葉
97%
_レイソル
97%
FC__ 東京
97%
__ヴェルディ 東京
97%
__フロンターレ 川崎
97%
__F・マリノス 横浜
97%
サンフレッチェ__ 広島
97%
アビスパ__ 福岡
97%
V・ファーレン__ 長崎
97%
北海道コンサドーレ__ 札幌
97%
__FC 横浜
97%
ジュビロ__ 磐田
97%
__エスパルス 清水
94%
__サンガF.C. 京都
94%
ファジアーノ__ 岡山
94%
アルビレックス__ 新潟
94%
___グランパス 名古屋
91%
__トリニータ 大分
91%
モンテディオ__ 山形
88%
__ベルマーレ 湘南
88%
サガン__ 鳥栖
88%
ロアッソ__ 熊本
88%
ブラウブリッツ__ 秋田
85%
RB__アルディージャ 大宮
85%
ヴァンフォーレ__ 甲府
85%
テゲバジャーロ__ 宮崎
85%
___ユナイテッドFC 鹿児島
85%
__ヴォルティス 徳島
82%
カマタマーレ__ 讃岐
82%
__FC 愛媛
82%
__ユナイテッドFC 福島
79%
__山雅FC 松本
79%
ガイナーレ__ 鳥取
79%
レノファ__FC 山口
79%
ギラヴァンツ___ 北九州
79%
__シティ 栃木
76%
カターレ__ 富山
76%
__SC 栃木
76%
ザスパ__ 群馬
76%
AC__パルセイロ 長野
76%
__クラブ 奈良
76%
__ユナイテッドSC 高知
76%
FC__ 琉球
76%
___FC いわき
70%
ツエーゲン__ 金沢
70%
FC__ 岐阜
70%
レイラック__FC 滋賀
70%
ヴァンラーレ__ 八戸
67%
__MYFC 藤枝
64%
SC___ 相模原
55%
FC__ 今治
48%
No matching quizzes found
Score Distribution
Percent of People with Each Score
Percentile by Number Answered
Your Score History
You have not taken this quiz